000 01119nam a22002897a 4500
999 _c64795
_d64795
003 OSt
005 20240530110751.0
008 180926s2017 ua af g b 000 0 ara d
017 _bمصر. دار الكتب
020 _a9789953185538
040 _aEG-CaGPL
_cEG-CaGPL
082 0 4 _221
_a953.0724/
_bم ت
100 0 _aمحمد يسرى محمد حسن
245 1 0 _aتاريخ الحشيشية والمهدية التومرتية :
_bدراسة تاريخية وعقدية مقارنة /
_cتأليف محمد يسرى محمد حسن
250 _aط. 1
260 _aبيروت :
_bدار النفائس ،
_c2016 .
300 _a264 ص. :
_bايض ؛
_c24 سم.
504 _aيشتمل على ارجاعات ببليوجرافية
600 0 _aمحمد بن تومرت
650 0 7 _2qrmak
_aالمذاهب الدينية
650 0 7 _aحركة المهدية التومرتية
_2qrmak
650 0 7 _aالسلاجقة
_2qrmak
650 0 7 _aحركة الحشيشية
_2qrmak
651 0 7 _2qrmak
_aدولة المرابطين
942 _2ddc
_cBK